[Event "Tuimazy-ch U18"]
[Site "Tuimazy"]
[Date "2016.03.13"]
[Round "9"]
[White "Farkhutdinov, Danil"]
[Black "Gilaev, Dinar"]
[Result "0-1"]
[WhiteElo "1338"]
[BlackElo "1291"]
[PlyCount "56"]
[EventDate "2016.03.09"]
[EventType "swiss"]
[EventRounds "9"]
[EventCountry "RUS"]
[SourceTitle "EXT 2022"]
[Source "ChessBase"]
[SourceDate "2021.10.06"]
[SourceVersion "1"]
[SourceVersionDate "2021.10.06"]
[SourceQuality "1"]

1. e4 e5 2. Nf3 Nc6 3. Bc4 Bc5 4. Nc3 d6 5. d3 Nf6 6. Be3 Bb6 7. Qd2 Be6 8. Bxe6 fxe6 9. Ng5 Qd7 10. Bxb6 axb6 11. Qe3 h6 12. Qh3 Nd4 13. Kd2 0-0-0 14. Nf3 Nc6 15. Nb5 g5 16. g4 h5 17. Nxg5 hxg4 18. Qe3 Rdg8 19. f3 gxf3 20. Nxf3 Rg2+ 21. Kc3 d5 22. d4 Nxe4+ 23. Kb3 Na5+ 24. Ka4 c6 25. Nc3 Nxc3+ 26. Qxc3 c5+ 27. Ka3 Nc4+ 28. Kb3 Qb5+ 0-1

[Event "Tuimazy-ch U14"]
[Site "Tuimazy"]
[Date "2016.03.02"]
[Round "4"]
[White "Khakimov, Marat"]
[Black "Gilaev, Dinar"]
[Result "0-1"]
[WhiteElo "1470"]
[BlackElo "1291"]
[PlyCount "38"]
[EventDate "2016.03.01"]
[EventType "tourn"]
[EventRounds "15"]
[EventCountry "RUS"]
[SourceTitle "EXT 2022"]
[Source "ChessBase"]
[SourceDate "2021.10.06"]
[SourceVersion "1"]
[SourceVersionDate "2021.10.06"]
[SourceQuality "1"]

1. e4 e5 2. Nf3 Nc6 3. Nc3 Bc5 4. Bc4 d6 5. d3 Bg4 6. h3 Bh5 7. g4 Bg6 8. Bg5 f6 9. Bh4 Bb4 10. Qd2 Nd4 11. 0-0 Nxf3+ 12. Kg2 Nxd2 13. Rfd1 Nxc4 14. dxc4 Bxc3 15. bxc3 Bxe4+ 16. Kg1 g5 17. Bg3 h5 18. Rab1 hxg4 19. hxg4 Rh1# 0-1

[Event "Tuimazy-ch U14"]
[Site "Tuimazy"]
[Date "2016.03.01"]
[Round "2"]
[White "Makhmutov, Azamat"]
[Black "Gilaev, Dinar"]
[Result "1-0"]
[WhiteElo "1404"]
[BlackElo "1291"]
[PlyCount "77"]
[EventDate "2016.03.01"]
[EventType "tourn"]
[EventRounds "15"]
[EventCountry "RUS"]
[SourceTitle "EXT 2022"]
[Source "ChessBase"]
[SourceDate "2021.10.06"]
[SourceVersion "1"]
[SourceVersionDate "2021.10.06"]
[SourceQuality "1"]

1. d4 d5 2. c4 c6 3. cxd5 cxd5 4. Nc3 Nf6 5. Bg5 e6 6. e3 h6 7. Bxf6 gxf6 8. Nf3 Rg8 9. Rc1 a6 10. Qb3 Nc6 11. g3 Be7 12. a3 h5 13. h4 f5 14. Be2 f6 15. Ng1 Rh8 16. Nh3 Bd6 17. Bf3 Ne7 18. Qd1 Qa5 19. Bxh5+ Kd7 20. Be2 b5 21. Ra1 Qc7 22. Kd2 Bb7 23. Qb3 Bc6 24. Rhc1 Rhb8 25. Qc2 Nc8 26. b3 Nb6 27. Ke1 Rg8 28. Nf4 Bxf4 29. exf4 Ke7 30. a4 Rgc8 31. axb5 Bxb5 32. Bxb5 axb5 33. Rxa8 Nxa8 34. Kd1 Qb6 35. Nxd5+ exd5 36. Qxc8 Qxd4+ 37. Kc2 Qxf2+ 38. Kb1 Qxg3 39. Qb7+ 1-0